000
00310 a2200145 4500
001
194755
040
_c
Magnum
100
_a
Machado, José Leon
240
1
0
_a
A bruxa e o caldeirão
_l
por
245
1
0
_a
A bruxa e o caldeirão
300
_a
10
362
0
_a
2003
697
_a
LITERATURA GERAL
942
_c
BK
999
_c
194755
_d
194755